000 00250nam a2200109Ia 4500
008 200302s9999 xx 000 0 und d
100 _aRamon Estve
245 _aArchitecture Design
260 _bLoft Publications
260 _c2011
300 _a319 P.,
999 _c3097
_d3097